| 000 | 00500nam a2200181Ia 4500 | ||
|---|---|---|---|
| 003 | GCL | ||
| 008 | 140319s9999 xx 000 0 eng d | ||
| 040 |
_aGCL / _cGCL |
||
| 082 | 0 | 4 |
_a403 _bJ D |
| 100 | 1 | _aJEAN, A. BEAU | |
| 245 | 1 | 0 |
_aDICTIONNAIRE DE LA LANGUE FRANCAISE: A BREGE DU DICTIONNEIRE DE LITTRE / _cJEAN, A. BEAU |
| 260 |
_a[S.N] : _bLIBRAIRE GENERALE FRANCAISE ، _c1940 |
||
| 300 | _a1945 | ||
| 650 | 0 | 4 | _aDICTIONARIES |
| 650 | 0 | 4 | _aFRENCH |
| 650 | 0 | 4 | _aLANGUAGES |
| 942 |
_2ddc _cBK |
||
| 999 |
_c24922 _d24922 |
||